Detalles MARC
| 000 -CABECERA |
| campo de control de longitud fija |
05210nam a2200349 i 4500 |
| 003 - IDENTIFICADOR DEL NÚMERO DE CONTROL |
| campo de control |
DO-SdAGN |
| 005 - FECHA Y HORA DE LA ÚLTIMA TRANSACCIÓN |
| campo de control |
20260520153318.0 |
| 007 - CAMPO FIJO DE DESCRIPCIÓN FÍSICA--INFORMACIÓN GENERAL |
| campo de control de longitud fija |
ta |
| 008 - DATOS DE LONGITUD FIJA--INFORMACIÓN GENERAL |
| campo de control de longitud fija |
260520e20002025dr ||||gro||||||0 |bspa ||spa| |
| 020 ## - NÚMERO INTERNACIONAL ESTÁNDAR DEL LIBRO |
| Número Internacional Estándar del Libro |
9789945251371. |
| 040 ## - FUENTE DE LA CATALOGACIÓN |
| Centro catalogador/agencia de origen |
DO-SdAGN |
| Centro/agencia transcriptor |
DO-SdAGN |
| Centro/agencia modificador |
DO-SdBNP |
| Normas de descripción |
rda |
| Lengua de catalogación |
spa |
| 041 ## - CÓDIGO DE LENGUA |
| Código de lengua del texto/banda sonora o título independiente |
spa |
| 082 0# - NÚMERO DE LA CLASIFICACIÓN DECIMAL DEWEY |
| Número de clasificación |
RD 923.1 |
| Número de edición |
C355o 2025 |
| Número de documento/Ítem |
22 |
| 100 4# - ENTRADA PRINCIPAL--NOMBRE DE PERSONA |
| 9 (RLIN) |
14470 |
| Nombre de persona |
Castro, Víctor Manuel de |
| Fechas asociadas al nombre |
1872-1924 |
| Término indicativo de función/relación |
autor |
| 245 0# - MENCIÓN DE TÍTULO |
| Título |
Del ostracismo, cosas de Lilís y otras cosas / |
| Mención de responsabilidad, etc. |
Víctor M. de Castro ; editor Andrés Blanco Díaz ; investigación y cuidado de edición Andrés Blanco Díaz ; diagramación y diseño de portada Editorial Santuario |
| 250 4# - MENCIÓN DE EDICIÓN |
| Mención de edición |
Primera edición |
| 260 4# - PUBLICACIÓN, DISTRIBUCIÓN, ETC. |
| Lugar de publicación, distribución, etc. |
Santo Domingo, R.D. : |
| Nombre del editor, distribuidor, etc. |
Archivo General de la Nación, |
| Fecha de publicación, distribución, etc. |
2025 |
| 300 4# - DESCRIPCIÓN FÍSICA |
| Extensión |
416 páginas ; |
| Dimensiones |
23 x 15 cm. |
| 336 ## - TIPO DE CONTENIDO |
| Término de tipo de contenido |
texto |
| Código de tipo de contenido |
txt |
| Fuente |
rdacontent |
| 337 ## - TIPO DE MEDIO |
| Nombre/término del tipo de medio |
sin mediación |
| Código del tipo de medio |
n |
| Fuente |
rdamedia |
| 338 ## - TIPO DE SOPORTE |
| Nombre/término del tipo de soporte |
volumen |
| Código del tipo de soporte |
n |
| Fuente |
rdacarrier |
| 490 ## - MENCIÓN DE SERIE |
| Mención de serie |
Archivo General de la Nación ; |
| Designación de volumen o secuencia |
volumen 537. |
| 500 4# - NOTA GENERAL |
| Nota general |
Incluye índice onomástico |
| 505 0# - NOTA DE CONTENIDO CON FORMATO |
| Nota de contenido con formato |
Presentación, por Andrés Blanco Díaz 15 -- MARCHA DEL GRAL. MIGUEL FEBLES DESDE EL DUEY HASTA EL OZAMA : Al general Miguel Febles 21 -- DEL OSTRACISMO : Siluetas de jóvenes dominicanos. Bustos femeninos. Artículos varios Al Pbro. Francisco Xavier Billini 33 -- A la juventud dominicana 35 -- Siluetas de jóvenes dominicanos Miguel Ángel Garrido 37 -- Gastón F. Deligne 41 -- Manuel Arturo Machado 43 -- Elías Brache, hijo 45 -- Enrique Deschamps 49 -- Fernando A. Defilló 51 -- Joaquín E. Salazar 53 -- Manuel F. Cestero 57 -- Octavio A. Acevedo 59 -- Manuel Ubaldo Gómez 61 -- Manuel María Sanabia 65 -- Jacinto B. Peynado 67 -- Juan Cherí Victoria 69 -- Abelardo Rodríguez Urdaneta 73 -- Pbro. Rafael C. Castellanos 77 -- Carlos F. de Moya 81 -- Maximiliano Henríquez y Ureña, Porfirio Herrera y Luis Cohén 83 -- Andrés Julio Montolío 87 -- Bustos femeninos 91 -- Bustos femeninos Ana Rita Sama 91 -- María Roger 93 -- Angelita Vilella 95 -- Carmencita Catell 97 -- Esperancita Casanovas 99 -- Silverina Pérez 101 -- Artículos varios 4 de julio de 1776 103 -- Eugenio M. de Hostos. Con motivo del primer aniversario de su muerte 105 -- Tu sombrero negro 109 -- 16 de Agosto 111 -- Carta a Nerón 115 -- Toque de rebato 119 -- El alma de las aguas 123 -- A una bandera 125 -- POR LA VERDAD Y POR LA PATRIA Actualidad de la República Dominicana 129 -- Muerte del presidente Cáceres, sus causas y sus efectos 131 -- Gobierno interino del presidente Eladio Victoria 135 -- Arrojo del general Morales, su captura 139 -- COSAS DE LILÍS Preámbulo 145 -- Prólogo 147 -- Notas biográficas del general Ulises Heureaux (Lilís) 151 -- Anécdotas y relatos 157-217 -- CARTAS FRANCAS Y NO TAN FRANCAS -- Carta a Nerón (del libro Cartas francas) 223 -- Epístola ingenua 227 -- Carta a Lucrecia (del libro Cartas francas) 231 -- Carta sincera 235 -- Junta Erectora de la Tumba del Maestro 239 -- Carta azul (Del libro Cartas francas) 241 -- Carta helénica (Del libro Cartas francas) 245 -- Desde lejos 249 -- Carta a Bossuet (Del libro Cartas francas) 253 -- Carta abierta 257 -- Una carta importante 265 -- Algo importantísimo. ¡Sublime idea! 267 -- La Avenida Bolívar (de El Universal, de Caracas) 271 -- Nuevo cultivo. Carta de un encargado de negocios 273 -- La sarrapia (Haba tonka) 275 -- A Sócrates Nolasco 279 -- OTRAS COSAS ¡Pobre Mariano! 283 -- 26 de julio 285 -- ¡Imposiciones, no! 289 -- II 289 -- III 290 -- 19 de Marzo 293 -- En la brecha 297 -- Discurriendo 299 -- Un paréntesis 301 -- Antaño y ogaño 303 -- En la brecha 305 -- En la brecha 309 -- En la brecha 311 -- En la brecha 313 -- A Ivanhoe 315 -- ¡Perdonar! 317 -- Confesión 319 -- Inri 323 -- Fiat lux 327 -- Ante la historia 329 -- Fernando A. de Meriño. Arzobispo y dictador 331 -- De mis añoranzas 335 -- Perfiles socorenses 339 -- Crónica triste. Silvio Pellerano 341 -- Juvenilia y Criollas 343 -- Miguel Ángel Garrido 347 -- Mensajera 349 -- Sobre la estela 351 -- Cuentos frágiles 353 -- ¡Inmigración y paz! 355 -- Arrojo del general Morales, su captura 359 -- ¡Al país! 363 -- ¡Al país! 367 -- ¿Delegado? 371 -- II 372 -- III 374 -- Luis Tejera 377 -- Príncipe Rubio (Pirulí Ricart) 379 -- Barahona 381 -- Paralelo entre Duarte y Núñez de Cáceres 383 -- De los tiempos gloriosos 387 -- Víctor M. de Castro 389 -- El padre Nicolás (episodio histórico) 389 -- Prólogo 393 -- Ignorado y genial (Rodolfo García) 397 -- ¡Calla, Hermana! 401 -- Índice onomástico 403 |
| 520 ## - SUMARIO, ETC. |
| Sumario, etc. |
Con la recopilación de los escritos de Víctor Manuel de Castro se rinde homenaje a este dominicano ejemplar en el centenario de su nacimiento, quien tuvo como fundamento de una gran parte de sus escritos sus propias convicciones radicales en la sociedad dominicana. |
| 590 ## - NOTA LOCAL (RLIN) |
| Nota local |
Inventariado, 2026/WG. |
| 600 ## - PUNTO DE ACCESO ADICIONAL DE MATERIA--NOMBRE DE PERSONA |
| Nombre de persona |
Heureaux, Ulises, 1845-1899 |
| Subdivisión general |
Anécdota, Chistes, Sátiras, etc. |
| 9 (RLIN) |
113413 |
| 651 ## - PUNTO DE ACCESO ADICIONAL DE MATERIA--NOMBRE GEOGRÁFICO |
| Nombre geográfico |
República Dominicana |
| Subdivisión general |
Historia |
| Subdivisión cronológica |
1844-1930 |
| 9 (RLIN) |
101166 |
| 700 ## - PUNTO DE ACCESO ADICIONAL--NOMBRE DE PERSONA |
| 9 (RLIN) |
14472 |
| Nombre de persona |
Blanco Díaz, Andrés |
| Término indicativo de función/relación |
editor |
| -- |
investigación |
| -- |
cuidado de edición |
| 710 ## - PUNTO DE ACCESO ADICIONAL--NOMBRE DE ENTIDAD CORPORATIVA |
| Nombre de entidad corporativa o nombre de jurisdicción como elemento de entrada |
Editorial Santuario |
| Término indicativo de función/relación |
diagramación |
| -- |
diseño de portada |
| 9 (RLIN) |
63835 |
| 942 ## - ELEMENTOS DE PUNTO DE ACCESO ADICIONAL (KOHA) |
| Fuente del sistema de clasificación o colocación |
Dewey Decimal Classification |
| Tipo de ítem Koha |
Libro |